វារីឈឺ / (Record no. 1169)
[ view plain ]
| 000 -LEADER | |
|---|---|
| fixed length control field | 02248nam a22002777a 4500 |
| 005 - DATE AND TIME OF LATEST TRANSACTION | |
| control field | 20230807101014.0 |
| 020 ## - INTERNATIONAL STANDARD BOOK NUMBER | |
| International Standard Book Number | 9789924341130 |
| 040 ## - CATALOGING SOURCE | |
| Original cataloging agency | FISKH |
| Language of cataloging | eng |
| Transcribing agency | FISKH |
| Modifying agency | FISKH |
| 082 ## - DEWEY DECIMAL CLASSIFICATION NUMBER | |
| Classification number | 616.97 |
| 100 ## - MAIN ENTRY--PERSONAL NAME | |
| Personal name | Sopheap, Siet |
| 245 ## - TITLE STATEMENT | |
| Title | វារីឈឺ / |
| 260 ## - PUBLICATION, DISTRIBUTION, ETC. | |
| Place of publication, distribution, etc. | Phnom Penh : |
| Name of publisher, distributor, etc. | Sipar, |
| Date of publication, distribution, etc. | 2021. |
| 300 ## - PHYSICAL DESCRIPTION | |
| Extent | 24 pages : |
| Other physical details | color illustrations ; |
| Dimensions | 21 cm |
| 490 ## - SERIES STATEMENT | |
| Series statement | ខ្ញុំចេះអាន |
| 505 ## - FORMATTED CONTENTS NOTE | |
| Formatted contents note | G <br/> |
| 520 ## - SUMMARY, ETC. | |
| Summary, etc. | បន្ទាប់ពីត្រឡប់មកពីហែលទឹកវិញខ្លួនរបស់វារីប្រែជាក្រហម ហើយគេក៏បានសម្រាកឈឺនៅលើគ្រែទៅ ធ្វើឲបងស្រីរបស់គេមានការបារម្ភជាខ្លាំង។ បន្ទាប់ពីមិត្តរបស់វារីបានដឹងដំណឹងនេះហើយ ពួកគេក៏បានមកលេងនិងរកមធ្យោបាយធ្វើយ៉ាងណាឲវារីបានជាសះស្បើយ។ ទេពិ បានប្រាប់ម្ដាយរបស់ខ្លួនឲផ្សំថ្នាំ ហើយបានយកមកអោយវារីផឹក ។ បន្ទាប់ពីបានផឹកថ្នាំហើយ វារីក៏បានជាសះស្បើយ ហើយត្រឡប់ទៅលេងជាមួយមិត្តរបស់គេជាថ្មីម្ដងទៀត។ |
| 520 ## - SUMMARY, ETC. | |
| Summary, etc. | After returned from swimming, Vary's body turned red and he lay sick on bed, made his sister concern very much. Then Vary's friends heard the news, they came to visit and find a way to get him healed. Tepi one of a friend told her mother to get the medicine and bring it to Vary to drink. After taking the medicine, Vary recovered and went back to play with his friend again. |
| 521 ## - TARGET AUDIENCE NOTE | |
| Target audience note | 380 <br/> |
| Source | Lexile estimate |
| 521 ## - TARGET AUDIENCE NOTE | |
| Target audience note | G <br/> |
| Source | Raz-Plus |
| 650 ## - SUBJECT ADDED ENTRY--TOPICAL TERM | |
| Topical term or geographic name entry element | ឈឺ |
| Form subdivision | បារម្ភ |
| General subdivision | មិត្តភាព |
| 650 ## - SUBJECT ADDED ENTRY--TOPICAL TERM | |
| Topical term or geographic name entry element | Sick |
| Form subdivision | Worry |
| General subdivision | Friendship |
| 700 ## - ADDED ENTRY--PERSONAL NAME | |
| Personal name | Sopheap, Siet |
| Titles and other words associated with a name | illustrator |
| 942 ## - ADDED ENTRY ELEMENTS (KOHA) | |
| Source of classification or shelving scheme | Dewey Decimal Classification |
| Koha item type | Books |
| Suppress in OPAC | No |
| 999 ## - | |
| -- | 1169 |
| -- | 1169 |
| Withdrawn status | Lost status | Source of classification or shelving scheme | Damaged status | Not for loan | Collection | Home library | Current library | Shelving location | Date acquired | Total Checkouts | Full call number | Barcode | Date last seen | Date last checked out | Copy number | Price effective from | Koha item type |
|---|---|---|---|---|---|---|---|---|---|---|---|---|---|---|---|---|---|
| Dewey Decimal Classification | Khmer Language Books / សៀវភៅភាសាខ្មែរ | Footprints International School Library Network Toul Kork Campus | Footprints International School Library Network Toul Kork Campus | TK Campus, Room B402, Khmer Book Case 16, Shelves 112-123 / ទូរសៀវភៅខ្មែរលេខ ១៦ ធ្នើរ ១១២ ដល់ ១២៣ បន្ទប់ B402 សាខាទួលគោក | 08/07/2023 | 1 | SOP 616.97 | 2023-0193 | 06/09/2025 | 02/14/2025 | 1 | 08/07/2023 | Books | ||||
| Dewey Decimal Classification | Khmer Language Books / សៀវភៅភាសាខ្មែរ | Footprints International School Library Network Toul Kork Campus | Footprints International School Library Network Toul Kork Campus | TK Campus, Room B402, Khmer Book Case 16, Shelves 112-123 / ទូរសៀវភៅខ្មែរលេខ ១៦ ធ្នើរ ១១២ ដល់ ១២៣ បន្ទប់ B402 សាខាទួលគោក | 08/07/2023 | 1 | SOP 616.97 | 2023-0194 | 02/14/2025 | 12/04/2024 | 2 | 08/07/2023 | Books |
